[Event "ROM-ch U10 Girls"]
[Site "Calimanesti"]
[Date "2015.04.03"]
[Round "6"]
[White "Moldovan, Andrada"]
[Black "Matasaru, Stephanie"]
[Result "0-1"]
[WhiteElo "1295"]
[BlackElo "1250"]
[PlyCount "120"]
[EventDate "2015.03.30"]
[EventType "swiss"]
[EventRounds "9"]
[EventCountry "ROU"]
[SourceTitle "CBM 165 Extra"]
[Source "ChessBase"]
[SourceDate "2015.04.21"]
[SourceVersion "1"]
[SourceVersionDate "2015.04.21"]
[SourceQuality "1"]

1. b3 Nf6 2. Bb2 e6 3. e3 Be7 4. Nc3 Nc6 5. Nf3 b6 6. d4 0-0 7. Bd3 d5 8. Qe2 a5 9. 0-0-0 Nb4 10. Ne5 Nxd3+ 11. Nxd3 c5 12. dxc5 bxc5 13. Ne5 Bd6 14. Nf3 Ba6 15. Qe1 Qe7 16. Ba3 c4 17. Bxd6 Qxd6 18. e4 Qa3+ 19. Kb1 Rfd8 20. e5 Nd7 21. Na4 Rab8 22. Qxa5 cxb3 23. axb3 Bb5 24. Rd4 Nc5 25. Qb4 Qxb4 26. Rxb4 Bxa4 27. Rxb8 Rxb8 28. Ka2 Bb5 29. Ra1 Ra8+ 30. Kb2 Rxa1 31. Kxa1 Ne4 32. Nd4 Bd7 33. f3 Nc3 34. Kb2 Nb5 35. Nxb5 Bxb5 36. Ka3 Kf8 37. Kb4 Bd7 38. Kc5 Ke7 39. b4 Kd8 40. c4 dxc4 41. Kxc4 Kc7 42. f4 f6 43. exf6 gxf6 44. g4 Kd6 45. g5 f5 46. h4 Be8 47. b5 Bf7 48. Kd4 Bg8 49. b6 Kc6 50. Ke5 Kxb6 51. Kf6 Kc5 52. Kg7 e5 53. Kxg8 e4 54. Kxh7 e3 55. g6 e2 56. g7 e1Q 57. g8Q Qxh4+ 58. Kg6 Qg4+ 59. Kf6 Qxg8 60. Kxf5 Qf7+ 0-1

[Event "ROM-ch U08 Girls"]
[Site "Calimanesti"]
[Date "2013.04.08"]
[Round "9"]
[White "Moldovan, Andrada"]
[Black "Sarbu, Clara"]
[Result "1-0"]
[WhiteElo "1001"]
[BlackElo "1001"]
[PlyCount "65"]
[EventDate "2013.04.02"]
[EventType "swiss"]
[EventRounds "9"]
[EventCountry "ROU"]
[SourceTitle "CBM 153 Extra"]
[Source "ChessBase"]
[SourceDate "2013.04.22"]
[SourceVersion "1"]
[SourceVersionDate "2013.04.22"]
[SourceQuality "1"]

1. e4 e5 2. Nf3 Bc5 3. Nxe5 Qf6 4. Ng4 Qd8 5. Nc3 f5 6. exf5 h5 7. Ne3 Qh4 8. Bc4 Nf6 9. 0-0 Nd5 10. Bxd5 d6 11. d3 g6 12. fxg6 Rh6 13. Nf5 Rxg6 14. Nxh4 Rg4 15. g3 Re4 16. Nxe4 Bh3 17. Re1 c6 18. Nxc5+ Kd8 19. Nxb7+ Kc8 20. Nxd6+ Kc7 21. Ne8+ Kd7 22. Bf3 Kd8 23. Bxh5 Na6 24. d4 Rb8 25. d5 cxd5 26. Qxd5+ Kc8 27. Bf4 Rb7 28. Qc6+ Kd8 29. Qxb7 Nc5 30. Qxa7 Kc8 31. Qxc5+ Kb7 32. Bf3+ Ka6 33. Re6+ 1-0